Bibiana y su mundo
Gorde:
| Egile nagusia: | |
|---|---|
| Formatua: | Liburua |
| Hizkuntza: | gaztelania |
| Argitaratua: |
Madrid
SM
2000
|
| Edizioa: | 19a. ed |
| Saila: | El Barco de Vapor, 22
|
| Gaiak: | |
| Etiketak: |
Etiketa erantsi
Etiketarik gabe, Izan zaitez lehena erregistro honi etiketa jartzen!
|
MARC
| LEADER | 00000nam a2200000 a 4500 | ||
|---|---|---|---|
| 001 | UCH8454 | ||
| 003 | CL-VaPUC | ||
| 008 | 091127e20000000SP |||||||||||||||||spa|d | ||
| 020 | |a 843481613X | ||
| 082 | 0 | 4 | |a 863 |b OLA |2 21 |
| 100 | |a Olaizola, José Luis |e autor |9 595446 | ||
| 245 | 1 | 0 | |a Bibiana y su mundo |
| 250 | |a 19a. ed | ||
| 300 | |a 126 p | ||
| 942 | |c BK | ||
| 945 | |d 20091127 00:00:00 | ||
| 260 | |a Madrid |b SM |c 2000 | ||
| 650 | 0 | |a Literatura española |9 306261 | |
| 650 | 0 | |a Novelas españolas |9 265052 | |
| 583 | |a last modification |c 20091127 00:00:00 |k Rodrigo Vera | ||
| 490 | 0 | |a El Barco de Vapor, 22 | |
| 999 | |c 338666 |d 338664 | ||